| 000 | 00563nam a2200205Ia 4500 | ||
|---|---|---|---|
| 005 | 20250508163930.0 | ||
| 008 | 008 250505s9999 xx 000 0 eng d | ||
| 020 | _a0-7456-1205-9 | ||
| 037 | _aReference | ||
| 040 |
_aFEDL _beng _cFEDL |
||
| 041 |
_aeng _2eng |
||
| 084 |
_a300.1, PoL _qFEDL |
||
| 245 | 0 | _aPolity reader in social theory | |
| 260 |
_aCambridge _bPolity Press _c2002 |
||
| 300 | _aix,420p. | ||
| 365 |
_aINR _b895 |
||
| 650 |
_aSocial Sciences - Philosophy _9776771 |
||
| 942 |
_cREF _h300.1, PoL |
||
| 999 |
_c1386139 _d1386139 |
||